Library Banner

Islamic science and public policies (Record no. 71622)

MARC details
000 -LEADER
fixed length control field 00524nam a2200193Ia 4500
001 - CONTROL NUMBER
control field 66794
008 - FIXED-LENGTH DATA ELEMENTS--GENERAL INFORMATION
fixed length control field 150514s9999 xx 000 0 und d
020 ## - INTERNATIONAL STANDARD BOOK NUMBER
International Standard Book Number 9679996557
040 ## - CATALOGING SOURCE
Transcribing agency PK-LaUMT
082 ## - DEWEY DECIMAL CLASSIFICATION NUMBER
Classification number 509
Item number WAQ-I
100 ## - MAIN ENTRY--PERSONAL NAME
Personal name Waqar, S.
245 ## - TITLE STATEMENT
Title Islamic science and public policies
Remainder of title lessons form history of science
Statement of responsibility, etc Waqar, S.|Ahmed Hussaini
250 ## - EDITION STATEMENT
Edition statement 2nd
260 ## - PUBLICATION, DISTRIBUTION, ETC. (IMPRINT)
Place of publication, distribution, etc Kuala Lumpur,Malaysia:
Name of publisher, distributor, etc University of Malaysia,
Date of publication, distribution, etc 1986
300 ## - PHYSICAL DESCRIPTION
Extent 73 p.
546 ## - LANGUAGE NOTE
Language note EN
700 ## - ADDED ENTRY--PERSONAL NAME
Personal name Ahmed Hussaini
942 ## - ADDED ENTRY ELEMENTS (KOHA)
Koha item type Books
Holdings
Withdrawn status Lost status Source of classification or shelving scheme Damaged status Not for loan Home library Current library Date acquired Total Checkouts Full call number Barcode Date last seen Price effective from Koha item type
    Dewey Decimal Classification     UMT Main Campus UMT Main Campus 2015-05-14   509 WAQ-I 91188 2015-05-18 2015-05-14 Books
    Dewey Decimal Classification     UMT Main Campus UMT Main Campus 2015-05-18   509 WAQ-I 91190 2015-05-18 2015-05-18 Books